|
|
|
|
| LEADER |
00761nta a2200181 i 4500 |
| 001 |
dipl117175 |
| 005 |
20210706051450.0 |
| 008 |
210630s2002 hu om 0|| hun d |
| 040 |
|
|
|a SZTE Diploma Repozitórium
|b hun
|
| 041 |
|
|
|a hun
|
| 100 |
2 |
|
|a Baldáné Almási Szilvia
|
| 245 |
1 |
3 |
|a Az értelmileg akadályozott fiatalok elhelyezkedési esélyei
|h [elektronikus dokumentum] :
|b (Iskolai felkészítés és munkába állás) /
|c Szilvia Baldáné Almási
|
| 260 |
|
|
|c 2002
|
| 650 |
|
4 |
|a Pedagógusképzés
|
| 650 |
|
4 |
|a Educational sciences
|
| 650 |
|
4 |
|a Education, special (to gifted persons, those with learning disabilities)
|
| 700 |
1 |
|
|a Varga Imre
|e ths
|
| 856 |
4 |
0 |
|u http://diploma.bibl.u-szeged.hu/id/eprint/117175/1/2002_baldane_almasi_szilvia.pdf
|z Dokumentum-elérés
|